000 00658nam a2200277Ia 4500
005 20260324131143.0
008 008 260324s9999 xx 000 0 eng d
020 _a9780203969557
037 _aEBOOK
040 _aCRL
040 _beng
040 _cCRL
041 _2eng
041 _aeng
084 _qCRL
100 _aTerezinha Nunes; Peter Bryant
_91184424
245 0 _aImproving Literacy by Teaching Morphemes
260 _bTaylor and Francis
260 _c2006
365 _a
365 _b255
856 _uhttp://www.taylorfrancis.com/books/9780203969557
942 _cEBOOK
999 _c1781327
_d1781327